Identify the Fictional Country - Statistics

General Stats
  • This quiz has been taken 248 times
  • The average score is 5 of 15
Answer Stats
Hint Country % Correct
Mythological island nation first mentioned by Plato Atlantis
78%
Home to a certain wonderful wizard Land of Oz
69%
Inhabited by tiny people and discovered by Gulliver Lilliput
59%
Split into (officially) twelve districts Panem
55%
Founded by Isildur and Anárion and bordered by Rohan Gondor
47%
A land of seven kingdoms Westeros
39%
One of three superstates and ruled by the Party Oceania
36%
Constantly under threat from Ganondorf Hyrule
29%
Eastern European state levelled by Ultron Sokovia
27%
Jungle nation home to Oompa Loompas Loompa Land
13%
"Glory to ___________!" Arstotzka
11%
Home of the Great Dictator Tomania
4%
Roamed by the inhuman Child Catcher Vulgaria
4%
Homeland of the antihero Black Adam Kahndaq
3%
South American republic headed by General Alcazar São Theodoros
1%
No matching quizzes found
Score Distribution
Percent of People with Each Score
Percentile by Number Answered
Your Score History
You have not taken this quiz